| 000 | 00986nam a22003137a 4500 | ||
|---|---|---|---|
| 003 | EG-ScBUE | ||
| 005 | 20220616104413.0 | ||
| 008 | 110706s2008 enk f 000 0 eng d | ||
| 020 | _a1405882522 | ||
| 020 | _a9781405882521 | ||
| 040 |
_aEG-ScBUE _beng _erda _cEG-ScBUE _dEG-ScBUE |
||
| 082 | 0 | 4 |
_222 _a428.6 _bBRY |
| 100 | 1 |
_926171 _aBryant, Stephen, _d1961- _eauthor. |
|
| 245 | 1 |
_aThe story of the internet / _cStephen Bryant ; consultant editor, David Evans. |
|
| 264 | 1 |
_aHarlow, England : _bPearson Education Limited, _c2008. |
|
| 300 |
_a77 pages ; _c20 cm. |
||
| 336 |
_2rdacontent _atext _btxt |
||
| 337 |
_2rdamedia _aunmediated _bn |
||
| 338 |
_2rdacarrier _avolume _bnc |
||
| 490 | 0 |
_aPenguin readers _vlevel 5 |
|
| 521 | _aB2 : Upper-Intermediate | ||
| 650 | 7 |
_911952 _aInternet. _2BUEsh |
|
| 650 | 7 |
_aReaders. _2BUEsh |
|
| 651 | _2BUEsh | ||
| 653 |
_cJuly2011 _bHHUUEENN |
||
| 655 |
_vReading book _934232 |
||
| 700 | 1 |
_aEvans, David, _eeditor. |
|
| 942 |
_2ddc _cBB |
||
| 999 |
_c15669 _d15669 |
||